| 000 | 00562pam a2200205 i 4500 | ||
|---|---|---|---|
| 001 | 2771621 | ||
| 005 | 20180809054521.0 | ||
| 008 | 800515s1980 nyua b 000 0 eng | ||
| 010 | _a 80016937 | ||
| 020 | _a0808912615 | ||
| 040 |
_aDLC _cDLC _dDLC |
||
| 041 | _aeng | ||
| 080 | _a618.921 GAR | ||
| 082 | 0 | 0 | _a618.921 GAR |
| 100 | 1 | _a7 | |
| 101 | _aKAR | ||
| 245 | 1 | 2 |
_aA guide to cardiac dysrhythmias in children / _cArthur Garson, Jr., Paul C. Gillette, Dan G. McNamara. |
| 906 |
_a7 _bcbc _corignew _d1 _eocip _f19 _gy-gencatlg |
||
| 942 |
_2ddc _cBK |
||
| 999 |
_c46961 _d46961 |
||